MECHANICAL ENGINEERING (Record no. 16592)
[ view plain ]
| 000 -LEADER | |
|---|---|
| fixed length control field | 00368nam a2200157Ia 4500 |
| 003 - CONTROL NUMBER IDENTIFIER | |
| control field | OSt |
| 005 - DATE AND TIME OF LATEST TRANSACTION | |
| control field | 20240403105442.0 |
| 008 - FIXED-LENGTH DATA ELEMENTS--GENERAL INFORMATION | |
| fixed length control field | 170619s9999 xx 000 0 und d |
| 040 ## - CATALOGING SOURCE | |
| Transcribing agency | IIMT ENGINEERING COLLEGE |
| 100 ## - MAIN ENTRY--PERSONAL NAME | |
| Personal name | ARORA S.C. |
| 245 #0 - TITLE STATEMENT | |
| Title | MECHANICAL ENGINEERING |
| 260 ## - PUBLICATION, DISTRIBUTION, ETC. | |
| Name of publisher, distributor, etc. | New Delhi; Dhanpat Rai |
| 260 ## - PUBLICATION, DISTRIBUTION, ETC. | |
| Date of publication, distribution, etc. | 2002 |
| 546 ## - LANGUAGE NOTE | |
| Language note | ENGLISH |
| 942 ## - ADDED ENTRY ELEMENTS (KOHA) | |
| Source of classification or shelving scheme | |
| Koha item type | Text-Book- for 7 days |
| Withdrawn status | Lost status | Source of classification or shelving scheme | Damaged status | Not for loan | Home library | Current library | Date acquired | Source of acquisition | Barcode | Date last seen | Uniform Resource Identifier | Price effective from | Koha item type |
|---|---|---|---|---|---|---|---|---|---|---|---|---|---|
| IIMT Engineering College-BTech | IIMT Engineering College-BTech | 09/23/2002 | 1 | 06-B-3620 | 07/03/2017 | ME | 07/03/2017 | Text-Book- for 7 days | |||||
| IIMT Engineering College-BTech | IIMT Engineering College-BTech | 09/23/2002 | 1 | 06-B-3621 | 07/03/2017 | ME | 07/03/2017 | Text-Book- for 7 days | |||||
| IIMT Engineering College-BTech | IIMT Engineering College-BTech | 09/23/2002 | 1 | 06-B-3622 | 07/03/2017 | ME | 07/03/2017 | Text-Book- for 7 days | |||||
| IIMT Engineering College-BTech | IIMT Engineering College-BTech | 09/23/2002 | 1 | 06-B-3623 | 07/03/2017 | ME | 07/03/2017 | Text-Book- for 7 days | |||||
| IIMT Engineering College-BTech | IIMT Engineering College-BTech | 09/23/2002 | 1 | 06-B-3624 | 07/03/2017 | ME | 07/03/2017 | Text-Book- for 7 days |

